• 首页
  • 本馆介绍
  • 公告通知
  • 最新文献
  • 馆藏检索
  • 电子资源
  • 读者导购
  • 参考咨询
  • 我的图书馆
  • 登录
  • 详细信息显示
  • 放入我的书架
  • 预约/预借图书
  • 作者相关作品
  • 分类相关作品
  • 丛书相关作品
  • 出版社相关作品

书目信息

  • 表格格式
  • 工作单格式
  • 卡片格式
题名:
语言理解与认知
    
 
作者: 崔希亮 著
分册:  
出版信息: 北京   北京语言文化大学出版社  2002
页数: 327页
开本: 20cm
丛书名: 中青年语言学者文丛
单 册:
中图分类: H03
科图分类:
主题词: 汉语--语言学--研究
电子资源:
ISBN: 7-5619-1033-9
000 00621nam2 2200217 45
001 0312240898
005 20031224084959.8
010    @a7-5619-1033-9@dCNY18.50
100    @a20031224d2002 km y0chiy0120 ea
101 0  @achi
105    @a z 000yy
200 1  @a语言理解与认知@AYu Yan Li Jie Yu Ren Zhi@f崔希亮著@FCui Xi Liang Zhu
210    @a北京@c北京语言文化大学出版社@d2002
215    @a327页@d20cm
225    @a中青年语言学者文丛
410    @12001 @a中青年语言学者文丛
606 0  @a汉语@x语言学@x研究
690    @aH03@v4
701  0 @a崔希亮@4著
801    @aCN@bTSTC@c20031224
905    @b330451-455@dH03@e41@f5
    
    语言理解与认知/崔希亮著.-北京:北京语言文化大学出版社,2002
    327页;20cm.-(中青年语言学者文丛)
    
    
    ISBN 7-5619-1033-9:CNY18.50
    
●
相关链接 在E读中查询图书 在五车中查询图书 在当当中查询图书 在豆瓣中查询图书


正题名:语言理解与认知     索取号:H03/41         预约/预借

序号 登录号 条形码 馆藏地/架位号 状态 备注
1 0330451   203304511   第四借阅区/ [索取号:H03/41] 在馆    
2 0330452   203304520   第四借阅区/ [索取号:H03/41] 在馆    
3 0330453   203304539   第四借阅区/ [索取号:H03/41] 在馆    
4 0330454   203304548   第四借阅区/ [索取号:H03/41] 在馆    
5 0330455   203304557   第二样本阅览室/ [索取号:H03/41] 在馆    
唐山师范学院图书馆 欢迎您!
大连网信软件有限公司© 版权所有